Spirit of the machine: technology as an inspiration in architecture design (Record no. 64480)
[ view plain ]
| 000 -LEADER | |
|---|---|
| fixed length control field | 00292nam a2200097Ia 4500 |
| 008 - FIXED-LENGTH DATA ELEMENTS--GENERAL INFORMATION | |
| fixed length control field | 240321s9999 xx 000 0 und d |
| 082 ## - DEWEY DECIMAL CLASSIFICATION NUMBER | |
| Classification number | 720.1 |
| Item number | KRO |
| 100 ## - MAIN ENTRY--PERSONAL NAME | |
| Author Name | Kronenburg, Robert |
| 245 #0 - TITLE STATEMENT | |
| Title | Spirit of the machine: technology as an inspiration in architecture design |
| 260 ## - PUBLICATION, DISTRIBUTION, ETC. | |
| Name of publisher, distributor, etc. | Willey Academy |
| 999 ## - | |
| -- | 64480 |
| -- | 64480 |
| Withdrawn status | Weedout from Library | Permanent Location | Current Location | Shelving location | Date acquired | Cost, normal purchase price | Full call number | Barcode | Price effective from | Koha item type |
|---|---|---|---|---|---|---|---|---|---|---|
| NATIONAL COLLEGE OF ARTS, RAWALPINDI CAMPUS - LIBRARY | NATIONAL COLLEGE OF ARTS, RAWALPINDI CAMPUS - LIBRARY | 21/03/2024 | 9831.00 | 720.1 KRO | RP012995 | 21/03/2024 | Book | |||
| NATIONAL COLLEGE OF ARTS, RAWALPINDI CAMPUS - LIBRARY | NATIONAL COLLEGE OF ARTS, RAWALPINDI CAMPUS - LIBRARY | 09/10/2025 | KRO 720.1 RP006828 | RP006828 | 09/10/2025 |